Catalog

Record Details

Catalog Search



Strangers in their own land : anger and mourning ... Read More

Available copies

  • 1 of 1 copy available at LARL/NWRL Consortium.
  • 1 of 1 copy available at Lake Agassiz Regional Library. (Show preferred library)

Current holds

0 current holds with 1 total copy.

Show Only Available Copies
Location Call Number / Copy Notes Barcode Shelving Location Status Due Date
Detroit Lakes Public Library 320.5209 HOC (Text) 33500013409537 Main Available -

Record details

  • ISBN: 9781620972250
  • ISBN: 1620972255
  • Physical Description: xii, 351 pages : illustration ; 25 cm
  • Publisher: New York : The New Press, 2016.

Content descriptions

Bibliography, etc. Note:
Includes bibliographical references (pages ... Read More
Formatted Contents Note:
Part one: The great paradox -- Traveling to the ... Read More
Summary, etc.:
"In Strangers in Their Own Land, the renowned ... Read More
Subject: Conservatism > United States > History > 21st century.
Liberalism > United States > History > 21st century.
Political psychology
POLITICAL SCIENCE / Political Ideologies / Conservatism & Liberalism.
POLITICAL SCIENCE / Political Process / Elections.
Conservatism
Liberalism
Political psychology
United States.
Genre: History.
LDR 04161cam a2200517 i 4500
001216858
003LARL_NWRL_CONSORTIUM
00520160915111427.0
008160720t20162016nyua b 001 0 eng
020 . ‡a9781620972250 ‡qhardcover
020 . ‡a1620972255 ‡qhardcover
035 . ‡a(OCoLC)953867247
042 . ‡apcc
043 . ‡an-us---
08200. ‡a320.520973 ‡223
084 . ‡aPOL042020 ‡aPOL008000 ‡2bisacsh
1001 . ‡aHochschild, Arlie Russell, ‡d1940- ‡eauthor. ‡0(LARL_NWRL_CONSORTIUM)55784
24510. ‡aStrangers in their own land : ‡banger and mourning on the American right / ‡cArlie Russell Hochschild.
264 1. ‡aNew York : ‡bThe New Press, ‡c2016.
264 4. ‡c©2016
300 . ‡axii, 351 pages : ‡billustration ; ‡c25 cm
336 . ‡atext ‡btxt ‡2rdacontent
337 . ‡aunmediated ‡bn ‡2rdamedia
338 . ‡avolume ‡bnc ‡2rdacarrier
504 . ‡aIncludes bibliographical references (pages 317-338) and index.
5050 . ‡aPart one: The great paradox -- Traveling to the heart -- "One thing good" -- The rememberers -- The candidates -- The "least resistant personality" -- Part two: The social terrain -- Industry: "the buckle in America's energy belt" -- The state: governing the market 4,000 feet below -- The pulpit and the press: "the topic doesn't come up -- Part three: The deep story and the people in it -- The deep story -- The team player: loyalty above all -- The worshipper: invisible renunciation -- The cowboy: stoicism -- The rebel: a team loyalist with a new cause -- Part four: Going national -- The fires of history: the 1860s and the 1960s -- Strangers no longer: the power of promise -- "They say there are beautiful trees."
520 . ‡a"In Strangers in Their Own Land, the renowned sociologist Arlie Hochschild embarks on a thought-provoking journey from her liberal hometown of Berkeley, California, deep into Louisiana bayou country--a stronghold of the conservative right. As she gets to know people who strongly oppose many of the ideas she famously champions, Hochschild nevertheless finds common ground and quickly warms to the people she meets--among them a Tea Party activist whose town has been swallowed by a sinkhole caused by a drilling accident--people whose concerns are actually ones that all Americans share: the desire for community, the embrace of family, and hopes for their children. Strangers in Their Own Land goes beyond the commonplace liberal idea that these are people who have been duped into voting against their own interests. Instead, Hochschild finds lives ripped apart by stagnant wages, a loss of home, an elusive American dream--and political choices and views that make sense in the context of their lives. Hochschild draws on her expert knowledge of the sociology of emotion to help us understand what it feels like to live in "red" America. Along the way she finds answers to one of the crucial questions of contemporary American politics: why do the people who would seem to benefit most from "liberal" government intervention abhor the very idea?"-- ‡cProvided by publisher.
650 0. ‡aConservatism ‡zUnited States ‡xHistory ‡y21st century.
650 0. ‡aLiberalism ‡zUnited States ‡xHistory ‡y21st century.
650 0. ‡aPolitical psychology ‡0(LARL_NWRL_CONSORTIUM)28500
650 7. ‡aPOLITICAL SCIENCE / Political Ideologies / Conservatism & Liberalism. ‡2bisacsh
650 7. ‡aPOLITICAL SCIENCE / Political Process / Elections. ‡2bisacsh
650 7. ‡2fast ‡aConservatism ‡0(LARL_NWRL_CONSORTIUM)177955
650 7. ‡2fast ‡aLiberalism ‡0(LARL_NWRL_CONSORTIUM)24466
650 7. ‡2fast ‡aPolitical psychology ‡0(LARL_NWRL_CONSORTIUM)28500
651 7. ‡aUnited States. ‡2fast ‡0(LARL_NWRL_CONSORTIUM)54625
648 7. ‡a2000-2099 ‡2fast
655 7. ‡aHistory. ‡2fast
77608. ‡iOnline version: ‡aHochschild, Arlie Russell, 1940- author. ‡tStrangers in their own land ‡dNew York : New Press, The, 2016 ‡z9781620972267 ‡w(DLC) 2016033622
905 . ‡uvanderl
901 . ‡a216858 ‡b ‡c216858 ‡tbiblio ‡soclc

Additional Resources